01824nam a2200229Ia 4500001105200000002005101052008003701103010001101140530002201151583001501173650003501188650003001223650004701253650005501300650003501355650003301390700005101423700003701474700004501511942001901556999001901575IA_Before this uncertain panorama, the installation of palenque properly technified for the processing of mezcalero maguey is contemplated (Agave angustifolia Haw), without losing the artisan techniques that have been worth him the world-wide recognition to the state of Oaxaca. With this project it is tried to revert this adverse situation generating the following benefits economic: (1) Income for the families of the group of producers; (2) to elevate its standard of life; (3) To finance in a future its production; (4) To increase the agricultural productivity; (5) the interaction and the fortification of the maguey-mezcal productive chain. In agreement with the financial analysis for this project it indicates to us that a relation will be obtained beneficio/costo of 1,12, an internal rate of return (TIR) of 31,5 %, a net present value (VAN) of 179.924,76 and one relation benefit net investment of the order of 3.34. This way the present project tries to directly benefit 6 families, 62 of indirect way, composed of a total of 233 people.INSTALACION DE UN PALENQUE PARA LA PRODUCCION DE M220117s xx 000 0 und d a182899 aDisponible en PDF a2 ej. imp. aAlcoholes etílicos 9148013 aDistilled spirits9148015 0aEntrepreneurshipzMéxicozOaxaca9149795 0aIniciativa empresarialzMéxicozOaxaca 9149796 aMezcalxProducción 9155015 aMezcalxProduction 9155016 aMuñante Pérez, Domingo M., asesor 91636681 aPonce Hernández, Pedro9147918 aRubio Hernández, David, asesor9157592 cTESIS C37 2005 c182899d182899